00844nac a22002171u 4500010001600000020002800016082001600044090001500060100003400075245009100109260006100200300003900261500002700300504006400327511002800391650001900419650003900438942001800477999001500495952011600510 a 96037098 a0300068301 (alk. paper)00a304.28bRUS c8098d8098 aRussell, Emily Wyndhamtt, 10aPeople and the land through time :blinking ecology and history /cEmily W.B. Russell. aNew Haven, Conn. :bYale University Press,c1997.cc1997. axx, 306 p. :bill., maps ;c24 cm. aDistributer: Al-Ahram. aIncludes bibliographical references (p. 247-293) and index. aCatalogued By: Mahitab. 0aHuman ecology. 0aNaturexEffect of human beings on. cBBk304.28RUS c8098d8098 00104070aMAINbMAINc1STd2008-02-24ePurchasel1o304.28RUSp000010006r2025-07-15 00:00:00s2018-11-21yBB